[Event "Salou op"]
[Site "Salou"]
[Date "2017.04.29"]
[Round "2"]
[White "Ramos Rodriguez, Luis Miguel"]
[Black "Sherf, Roni"]
[Result "0-1"]
[WhiteElo "1799"]
[BlackElo "2134"]
[PlyCount "74"]
[EventDate "2017.04.29"]
[EventType "swiss"]
[EventRounds "6"]
[EventCountry "ESP"]
[SourceTitle "CBM 178 Extra"]
[Source "ChessBase"]
[SourceDate "2017.06.22"]
[SourceVersion "1"]
[SourceVersionDate "2017.06.22"]
[SourceQuality "1"]

1. e4 c5 2. Nf3 e6 3. b3 Nc6 4. Bb2 d6 5. Bb5 Bd7 6. 0-0 Nf6 7. Re1 Be7 8. d3 0-0 9. Nbd2 b6 10. a3 a6 11. Bxc6 Bxc6 12. Qe2 Rc8 13. Rac1 e5 14. Nc4 b5 15. Ne3 g6 16. g3 Qd7 17. Kg2 Rfe8 18. c4 Nh5 19. h3 Bd8 20. Nd5 f5 21. Rh1 Rf8 22. Rcf1 Rb8 23. Rb1 bxc4 24. bxc4 Rb3 25. Nd2 Rb7 26. Bc3 Qf7 27. Rxb7 Bxb7 28. Rb1 Bc8 29. Rb8 Qe6 30. g4 fxg4 31. hxg4 Nf4+ 32. Nxf4 Rxf4 33. f3 h5 34. gxh5 Rh4 35. Kg1 Rxh5 36. Nf1 Qh3 37. Rb2 Rg5+ 0-1